[Event "Forni di Sopra 16th"]
[Site "Forni di Sopra"]
[Date "2025.06.11"]
[Round "6"]
[White "Serea, Gabriele"]
[Black "Pirvulescu, Adrian"]
[Result "0-1"]
[WhiteElo "2004"]
[BlackElo "1910"]
[PlyCount "78"]
[EventDate "2025.06.07"]
[EventType "swiss"]
[EventRounds "9"]
[EventCountry "ITA"]
[SourceTitle "CB26_2025"]
[SourceDate "2025.06.25"]
[SourceVersion "1"]
[SourceVersionDate "2025.06.25"]
[SourceQuality "1"]

1. e4 c5 2. Nf3 e6 3. d3 Nc6 4. g3 g6 5. Bg2 Bg7 6. 0-0 Nge7 7. Re1 e5 8. a4 0-0 9. Na3 b6 10. Rf1 d6 11. Ne1 Be6 12. Nc4 d5 13. exd5 Bxd5 14. Be3 Bxg2 15. Nxg2 Qd5 16. Nd2 Nf5 17. Qf3 Qxf3 18. Nxf3 Nxe3 19. Nxe3 e4 20. dxe4 Bxb2 21. Rad1 Nd4 22. Nxd4 cxd4 23. Nd5 Kg7 24. Rb1 Ba3 25. a5 Rac8 26. axb6 axb6 27. Nxb6 Rxc2 28. Rb3 Rc3 29. Rxc3 dxc3 30. Nc4 Bb2 31. Nxb2 cxb2 32. Rb1 Rb8 33. f4 Kf6 34. Kf2 Rb3 35. Ke2 g5 36. Kd2 gxf4 37. Kc2 Rb4 38. gxf4 Rxe4 39. Kxb2 Rb4+ 0-1

[Event "Nova Gorica op 29th"]
[Site "Nova Gorica"]
[Date "2025.01.27"]
[Round "5"]
[White "Juvan, Vid"]
[Black "Pirvulescu, Adrian"]
[Result "0-1"]
[WhiteElo "1788"]
[BlackElo "1919"]
[PlyCount "42"]
[EventDate "2025.01.24"]
[EventType "swiss"]
[EventRounds "9"]
[EventCountry "SLO"]
[SourceTitle "CB06_2025"]
[SourceDate "2025.02.05"]
[SourceVersion "1"]
[SourceVersionDate "2025.02.05"]
[SourceQuality "1"]

1. e4 c5 2. Nf3 e6 3. c3 d5 4. exd5 Qxd5 5. d4 Nf6 6. h3 Nc6 7. Be3 cxd4 8. Nxd4 Bc5 9. Nb5 Qxd1+ 10. Kxd1 Bxe3 11. Nc7+ Kd8 12. Nxa8 Bxf2 13. Ke2 Bg3 14. Kf3 Nh5 15. Bb5 Bd7 16. Rd1 Ke7 17. Bxc6 Bxc6+ 18. Kg4 g6 19. Rd3 f5+ 20. Kg5 h6+ 21. Kxg6 Be8# 0-1

[Event "Nova Gorica op 29th"]
[Site "Nova Gorica"]
[Date "2025.01.26"]
[Round "4"]
[White "Pirvulescu, Adrian"]
[Black "Sundac, Ivano"]
[Result "0-1"]
[WhiteElo "1919"]
[BlackElo "2090"]
[PlyCount "56"]
[EventDate "2025.01.24"]
[EventType "swiss"]
[EventRounds "9"]
[EventCountry "SLO"]
[SourceTitle "CB06_2025"]
[SourceDate "2025.02.05"]
[SourceVersion "1"]
[SourceVersionDate "2025.02.05"]
[SourceQuality "1"]

1. e4 c5 2. Nf3 d6 3. d4 cxd4 4. Nxd4 Nf6 5. Nc3 g6 6. Be3 Bg7 7. f3 0-0 8. Qd2 Nc6 9. 0-0-0 d5 10. exd5 Nxd5 11. Nxc6 bxc6 12. Bd4 e5 13. Bc5 Be6 14. Ne4 Re8 15. h4 h6 16. h5 g5 17. g4 Qc7 18. Bc4 Red8 19. Qf2 Nf4 20. Bxe6 Nxe6 21. Bd6 Qa5 22. Kb1 Rd7 23. Rd2 Rad8 24. Rhd1 Nd4 25. c3 Rxd6 26. Nxd6 Rxd6 27. cxd4 exd4 28. Rxd4 Qb6 0-1

[Event "Nova Gorica op 29th"]
[Site "Nova Gorica"]
[Date "2025.01.25"]
[Round "3"]
[White "Capaliku, Aleks"]
[Black "Pirvulescu, Adrian"]
[Result "1/2-1/2"]
[WhiteElo "2028"]
[BlackElo "1919"]
[PlyCount "81"]
[EventDate "2025.01.24"]
[EventType "swiss"]
[EventRounds "9"]
[EventCountry "SLO"]
[SourceTitle "CB06_2025"]
[SourceDate "2025.02.05"]
[SourceVersion "1"]
[SourceVersionDate "2025.02.05"]
[SourceQuality "1"]

1. f4 c5 2. b3 d6 3. Nf3 Nf6 4. e3 g6 5. Bb5+ Bd7 6. Qe2 Bg7 7. Bb2 0-0 8. Bxd7 Qxd7 9. 0-0 Nc6 10. d3 d5 11. Ne5 Nxe5 12. Bxe5 Qg4 13. Re1 Qxe2 14. Rxe2 Nd7 15. Bxg7 Kxg7 16. e4 dxe4 17. Rxe4 e6 18. Nc3 Nf6 19. Re5 Nd7 20. Re2 Nf6 21. g3 h5 22. h3 Rfd8 23. a4 a5 24. Rae1 Rd4 25. Ne4 b6 26. Nd2 Rdd8 27. Nc4 Nd5 28. Rf2 Rh8 29. Kg2 Rab8 30. Kf3 Ne7 31. Kg2 Nd5 32. Re5 Nb4 33. Re4 Nd5 34. Ne5 Nc3 35. Re1 Rbd8 36. Rh1 Nd5 37. Re1 Nc3 38. Nf3 Nd5 39. Ng5 Rd7 40. Nf3 Rdd8 41. Ne5 1/2-1/2

[Event "Nova Gorica op 29th"]
[Site "Nova Gorica"]
[Date "2025.01.25"]
[Round "2"]
[White "Pirvulescu, Adrian"]
[Black "Markovcic, Gregor"]
[Result "1-0"]
[WhiteElo "1919"]
[BlackElo "1617"]
[PlyCount "33"]
[EventDate "2025.01.24"]
[EventType "swiss"]
[EventRounds "9"]
[EventCountry "SLO"]
[SourceTitle "CB06_2025"]
[SourceDate "2025.02.05"]
[SourceVersion "1"]
[SourceVersionDate "2025.02.05"]
[SourceQuality "1"]

1. e4 d5 2. exd5 Nf6 3. d4 Nxd5 4. c4 Nb6 5. Nf3 Bg4 6. c5 Nd5 7. Qb3 Nc6 8. Qxb7 Ndb4 9. Bb5 Bxf3 10. gxf3 Nc2+ 11. Kf1 f6 12. Qxc6+ Kf7 13. Bc4+ Kg6 14. Qe4+ f5 15. Rg1+ Kh5 16. Qxf5+ g5 17. Qxg5# 1-0

[Event "Tatry op"]
[Site "Tatranske Matliare"]
[Date "2023.05.22"]
[Round "4"]
[White "Krnan, Bronislav"]
[Black "Pirvulescu, Adrian"]
[Result "1/2-1/2"]
[WhiteElo "1797"]
[BlackElo "1790"]
[PlyCount "89"]
[EventDate "2023.05.20"]
[EventType "swiss"]
[EventRounds "9"]
[EventCountry "SVK"]
[SourceTitle "CBM 214 Extra"]
[Source "ChessBase"]
[SourceDate "2023.07.31"]
[SourceVersion "1"]
[SourceVersionDate "2023.07.31"]
[SourceQuality "1"]

1. d4 d5 2. c4 dxc4 3. e3 Nf6 4. Bxc4 e6 5. Nf3 a6 6. 0-0 c5 7. Re1 Nc6 8. Nc3 b5 9. Bd3 Bb7 10. Ne4 Nb4 11. Nxf6+ gxf6 12. Bb1 cxd4 13. exd4 Nd5 14. a3 Rc8 15. Nh4 Qc7 16. Bd2 Bd6 17. g3 Nf4 18. Bxf4 Bxf4 19. Be4 Bxe4 20. Rxe4 Bc1 21. d5 Qc2 22. Qxc2 Rxc2 23. dxe6 Bxb2 24. Rd1 Rc1 25. Rxc1 Bxc1 26. a4 bxa4 27. Rxa4 fxe6 28. Rc4 Kd7 29. Rxc1 a5 30. Rc4 Ra8 31. Kf1 a4 32. Ke1 a3 33. Rc1 a2 34. Ra1 Kd6 35. Nf3 Kd5 36. Kd2 Kc4 37. Kc2 Ra3 38. Nd2+ Kb4 39. Kb2 Rd3 40. Rd1 Ra3 41. Re1 f5 42. Ka1 Rc3 43. Kb2 Ra3 44. Ka1 Rc3 45. Kb2 1/2-1/2

[Event "EU-ch 23rd"]
[Site "Vrnjacka Banja"]
[Date "2023.03.03"]
[Round "1"]
[White "Uskov, Artem"]
[Black "Pirvulescu, Adrian"]
[Result "1-0"]
[WhiteElo "2373"]
[BlackElo "1738"]
[PlyCount "67"]
[EventDate "2023.03.03"]
[EventType "swiss"]
[EventRounds "11"]
[EventCountry "SRB"]
[SourceTitle "CBM 213"]
[Source "ChessBase"]
[SourceDate "2023.04.30"]
[SourceVersion "1"]
[SourceVersionDate "2023.04.30"]
[SourceQuality "1"]

1. e4 c5 2. Nf3 e6 3. d4 cxd4 4. Nxd4 Nc6 5. Nc3 Qc7 6. g4 a6 7. Be3 b5 8. Nxc6 Qxc6 9. Qd2 b4 10. Ne2 Qxe4 11. Rg1 Qc4 12. Ng3 Qc7 13. 0-0-0 Ne7 14. Bg2 Bb7 15. Bf4 Qc8 16. Bxb7 Qxb7 17. Bd6 Nd5 18. Ne4 Qc6 19. Bxf8 Rxf8 20. f4 0-0-0 21. f5 Kb8 22. Kb1 a5 23. Rg3 Ka8 24. Rd3 Rc8 25. Ng5 Nc3+ 26. bxc3 bxc3 27. Qc1 Rb8+ 28. Ka1 Rb2 29. Rxc3 Rxa2+ 30. Kxa2 Qxc3 31. Qb2 Qc4+ 32. Qb3 Qxg4 33. Rb1 Qb4 34. Qf3+ 1-0

[Event "Bucharest Super Rapid op"]
[Site "Bucharest"]
[Date "2022.04.30"]
[Round "1"]
[White "Pirvulescu, Adrian"]
[Black "Szabo, Gergely Andras"]
[Result "1-0"]
[WhiteElo "1825"]
[BlackElo "2516"]
[PlyCount "75"]
[EventDate "2022.04.30"]
[EventType "swiss (rapid)"]
[EventRounds "10"]
[EventCountry "ROU"]
[SourceTitle "CBM 208 Extra"]
[Source "ChessBase"]
[SourceDate "2022.07.31"]
[SourceVersion "1"]
[SourceVersionDate "2022.07.31"]
[SourceQuality "1"]

1. d4 Nf6 2. c4 e6 3. Nf3 d5 4. Nc3 Bb4 5. Qa4+ Nc6 6. e3 0-0 7. Bd2 Bd7 8. Qc2 Qe7 9. a3 Bxc3 10. Bxc3 Ne4 11. Bd3 f5 12. Qb3 Nxc3 13. Qxc3 b6 14. 0-0 Rac8 15. b4 Nd8 16. Qb3 Bc6 17. Ne5 Bb7 18. c5 Nf7 19. c6 Ba8 20. Nxf7 Rxf7 21. b5 a6 22. a4 a5 23. Rae1 Rcf8 24. f3 Qh4 25. Qc2 Rf6 26. Qf2 Qh5 27. Qg3 Qf7 28. Qe5 Qe7 29. Bc2 h6 30. e4 fxe4 31. fxe4 Rxf1+ 32. Rxf1 Rxf1+ 33. Kxf1 Qf7+ 34. Kg1 Kf8 35. h3 Ke8 36. exd5 Qe7 37. dxe6 Qd6 38. Qxd6 1-0

[Event "ROM-ch Rapid"]
[Site "Bucharest"]
[Date "2022.03.12"]
[Round "6"]
[White "Voiteanu, Christian Gabriel"]
[Black "Pirvulescu, Adrian"]
[Result "1-0"]
[WhiteElo "2207"]
[BlackElo "1843"]
[PlyCount "55"]
[EventDate "2022.03.11"]
[EventType "swiss (rapid)"]
[EventRounds "9"]
[EventCountry "ROU"]
[SourceTitle "CBM 207 Extra"]
[Source "ChessBase"]
[SourceDate "2022.05.31"]
[SourceVersion "1"]
[SourceVersionDate "2022.05.31"]
[SourceQuality "1"]

1. d4 Nf6 2. c4 e6 3. Nf3 Bb4+ 4. Bd2 c5 5. Bxb4 cxb4 6. g3 d6 7. Bg2 0-0 8. 0-0 Qe7 9. a3 bxa3 10. Rxa3 e5 11. Nc3 e4 12. Nd2 e3 13. Nde4 Nxe4 14. Nxe4 exf2+ 15. Rxf2 Be6 16. c5 d5 17. Nd6 Nc6 18. Qd2 Rfd8 19. b4 Rxd6 20. cxd6 Qxd6 21. Rb3 a5 22. bxa5 Nxa5 23. Qb4 Qc6 24. Ra3 b6 25. Rff3 Nc4 26. Rxa8+ Qxa8 27. Rf1 g6 28. Qxc4 1-0

[Event "Pardubice Czech op-A 31st"]
[Site "Pardubice"]
[Date "2020.09.28"]
[Round "9"]
[White "Pirvulescu, Adrian"]
[Black "Humburg, Philipp"]
[Result "0-1"]
[WhiteElo "1930"]
[BlackElo "2291"]
[PlyCount "78"]
[EventDate "2020.09.21"]
[EventType "swiss"]
[EventRounds "9"]
[EventCountry "CZE"]
[SourceTitle "CBM 198 Extra"]
[Source "ChessBase"]
[SourceDate "2020.11.30"]
[SourceVersion "1"]
[SourceVersionDate "2020.11.30"]
[SourceQuality "1"]

1. e4 c6 2. d4 d5 3. exd5 cxd5 4. Bd3 Nc6 5. c3 Nf6 6. Bf4 g6 7. Nf3 Bf5 8. Bxf5 gxf5 9. h3 e6 10. Nbd2 Bd6 11. Bg5 h6 12. Bh4 Rg8 13. 0-0 Be7 14. Bxf6 Bxf6 15. Nb3 Qc7 16. Nc1 Rg7 17. Nd3 0-0-0 18. Kh1 Rdg8 19. Rg1 Kb8 20. Qe2 Ne7 21. Nde5 Nc8 22. a4 Nd6 23. Ra3 Ka8 24. b4 Ne4 25. b5 Bxe5 26. dxe5 Qc5 27. Ra2 Nxc3 28. Qc2 Ne4 29. Qxc5 Nxc5 30. Nd4 Nd3 31. Rc2 Nxe5 32. Rc7 Kb8 33. Rgc1 Nd3 34. R1c3 Rxg2 35. Rc8+ Rxc8 36. Rxc8+ Kxc8 37. Kxg2 Kd7 38. Kf3 Kd6 39. Ke3 Nb2 0-1

[Event "Pardubice Kraj op-G"]
[Site "Pardubice"]
[Date "2020.09.23"]
[Round "2"]
[White "Pirvulescu, Adrian"]
[Black "Sorm, Daniel"]
[Result "0-1"]
[WhiteElo "1859"]
[BlackElo "2343"]
[PlyCount "36"]
[EventDate "2020.09.23"]
[EventType "swiss (rapid)"]
[EventRounds "9"]
[EventCountry "CZE"]
[SourceTitle "CBM 198 Extra"]
[Source "ChessBase"]
[SourceDate "2020.11.30"]
[SourceVersion "1"]
[SourceVersionDate "2020.11.30"]
[SourceQuality "1"]

1. e4 c5 2. Nc3 Nc6 3. f4 e6 4. Nf3 Nge7 5. d4 cxd4 6. Nxd4 Nxd4 7. Qxd4 Nc6 8. Qf2 d5 9. exd5 exd5 10. Be3 Bb4 11. Bd4 Qe7+ 12. Be2 0-0 13. Kf1 Nxd4 14. Qxd4 Bc5 15. Nxd5 Qxe2+ 16. Kxe2 Bxd4 17. c3 Bb6 18. f5 Re8+ 0-1

[Event "SVK-ch Amateur"]
[Site "Topolcany"]
[Date "2020.07.13"]
[Round "7"]
[White "Durovka, Marek"]
[Black "Pirvulescu, Adrian"]
[Result "0-1"]
[WhiteElo "1593"]
[BlackElo "1909"]
[PlyCount "92"]
[EventDate "2020.07.10"]
[EventType "swiss"]
[EventRounds "7"]
[EventCountry "SVK"]
[SourceTitle "EXT 2021"]
[Source "ChessBase"]
[SourceDate "2020.10.23"]
[SourceVersion "1"]
[SourceVersionDate "2020.10.23"]
[SourceQuality "1"]

1. d4 Nf6 2. Nf3 e6 3. e3 c5 4. c3 Nc6 5. Bd3 d5 6. Nbd2 Be7 7. 0-0 0-0 8. dxc5 Bxc5 9. e4 Qc7 10. Qe2 a6 11. e5 Ng4 12. Nb3 Ba7 13. Bf4 f6 14. Rae1 Bb8 15. Bg3 Ngxe5 16. Nxe5 Nxe5 17. Qh5 g6 18. Qh6 Qg7 19. Qxg7+ Kxg7 20. Bxe5 Bxe5 21. Nc5 Kf7 22. Bc2 Bd6 23. Nd3 Bd7 24. f4 Rac8 25. Bb3 Bb5 26. Rf3 Bxd3 27. Rxd3 Bxf4 28. g3 Bb8 29. Rf3 f5 30. Kg2 Rcd8 31. Rfe3 Rd6 32. Kf3 g5 33. Bc2 g4+ 34. Kg2 Kf6 35. h3 gxh3+ 36. Kxh3 Rg8 37. Kg2 Rb6 38. b4 Rc6 39. Ba4 b5 40. Bb3 Bf4 41. Rd3 Bc7 42. Rh1 Rg7 43. Bd1 Be5 44. Rh6+ Ke7 45. Re3 Bxc3 46. Bb3 Bd2 0-1